| 000 | 003560000a22001570004500 | ||
|---|---|---|---|
| 020 | _a84-206-1662-1 | ||
| 041 | 0 | _aSPA | |
| 082 | 0 | 4 | _aG 863 B7325i |
| 100 | 1 | _aBorges, Jorge Luis (1899-1986) | |
| 245 | 1 | 0 | _aEl libro de arena / Jorge Luis Borges |
| 250 | _a2 | ||
| 260 | _aMadrid, EspaƱa : Alianza | ||
| 300 | _a104 Pag | ||
| 001 | 11008 | ||
| 942 | _cBK | ||
| 999 |
_c40381 _d40381 |
||